000 00672nam a2200169 a 4500
008 130423s2007 ||||||||||||||||| || u
020 _a9780618730681
050 _aQA 453 Ale
100 _aKoeberlein, Geralyn M
245 1 0 _aElementary Geometry: for college students. (4th ed.)
_cby Daniel C. Alexander and Geralyn M. Koeberlein
250 _a4th ed.
260 _aBoston:
_bHoughton Mifflin Company
_c2007
300 _ax, 519p. (various pagings): ill.
650 _aGeometry
700 _aAlexander, Daniel C
995 _FCBU-MAIN LIBRARY (Kitwe)
_M1
_UAVAILABLE
_WMay 31, 2013
_ZMain Library Open Access Collection
999 _c41604
_d41604